Nepodporenie vedy predĺži krízu
Novinka Európskej komisie (EK) - PPP projekty v oblasti vedy a výskumu, kde polovicu prispeje EK a polovicu súkromný sektor. Oblasti projektov, strojárstvo a stavebníctvo, u ktorých je predpoklad, že vytvoria najviac pracovných miest. Témy projektov. Špecifiká výskumu. Problém slovenskej ekonomiky j...
Salvato in:
| Autore principale: | |
|---|---|
| Natura: | Capitolo di libro |
| Lingua: | slovacco |
| Soggetti: | |
| Tags: |
Nessun Tag, puoi essere il primo ad aggiungerne!!
|
MARC
| LEADER | 00000naa$a2200000$$$4500 | ||
|---|---|---|---|
| 001 | 0104166 | ||
| 005 | 20231011121543.4 | ||
| 041 | 0 | |a slo | |
| 044 | |a SK | ||
| 245 | 1 | 0 | |a Nepodporenie vedy predĺži krízu |c František Takáč |
| 520 | |a Novinka Európskej komisie (EK) - PPP projekty v oblasti vedy a výskumu, kde polovicu prispeje EK a polovicu súkromný sektor. Oblasti projektov, strojárstvo a stavebníctvo, u ktorých je predpoklad, že vytvoria najviac pracovných miest. Témy projektov. Špecifiká výskumu. Problém slovenskej ekonomiky je chýbajúca spolupráca univerzít s firmami. PPP a technologické parky. Nevyhnutnosť podpory štátu pre vedu a výskum. | ||
| 610 | 2 | 0 | |a partnerstvo verejno-súkromné |
| 610 | 2 | 0 | |a projekty |
| 610 | 2 | 0 | |a veda |
| 610 | 2 | 0 | |a výskum |
| 610 | 2 | 0 | |a financovanie |
| 610 | 2 | 0 | |a parky vedeckotechnické |
| 100 | 1 | |a Takáč, František | |